| 000 | 00501nam a22001937a 4500 | ||
|---|---|---|---|
| 005 | 20260616110650.0 | ||
| 010 | _aENG-148857 | ||
| 020 |
_c250.00 _a9788185988337 |
||
| 035 | _aEN-132389 | ||
| 037 | _aDBAD | ||
| 082 |
_a230.3 _21 |
||
| 100 |
_aAporesh _989400 |
||
| 245 |
_aSpiritual Growth/ _bAporesh |
||
| 250 | _a1 | ||
| 260 |
_aChennai _bGanesh & Co. _c2015 |
||
| 270 |
_a38 Thankachalam Road _bMadras _e600017 |
||
| 300 |
_a141p. _c22cm(Pb) |
||
| 942 |
_2ddc _cEN _h230.3 _mAPO |
||
| 999 |
_c216676 _d216676 |
||